Archaeology and the religion of Israel (Record no. 45588)
[ view plain ]
| 000 -LEADER | |
|---|---|
| fixed length control field | 00717nam a22001817a 4500 |
| 008 - FIXED-LENGTH DATA ELEMENTS--GENERAL INFORMATION | |
| fixed length control field | 260420b |||||||| |||| 00| 0 eng d |
| 040 ## - CATALOGING SOURCE | |
| Original cataloging agency | CUZ |
| Language of cataloging | eng |
| Transcribing agency | CUZ |
| Modifying agency | rda |
| Description conventions | CUZ |
| 050 ## - LIBRARY OF CONGRESS CALL NUMBER | |
| Classification number | BVS1180.A4ALB |
| 100 ## - MAIN ENTRY--PERSONAL NAME | |
| Personal name | William Foxwell Albright |
| 245 ## - TITLE STATEMENT | |
| Title | Archaeology and the religion of Israel |
| Remainder of title | The Ayer lectures of the colgate-rochester divinity school 1943 |
| Statement of responsibility, etc. | by William Foxwell Albright |
| 264 ## - PRODUCTION, PUBLICATION, DISTRIBUTION, MANUFACTURE, AND COPYRIGHT NOTICE | |
| Place of production, publication, distribution, manufacture | Baltimore |
| Name of producer, publisher, distributor, manufacturer | The Johns Hopkins press |
| Date of production, publication, distribution, manufacture, or copyright notice | ©1956 |
| 300 ## - PHYSICAL DESCRIPTION | |
| Extent | extent xii,246pages |
| 650 ## - SUBJECT ADDED ENTRY--TOPICAL TERM | |
| Topical term or geographic name entry element | Philosophy, Psychology and Religion |
| -- | The Bible |
| -- | Works about the Old Testament |
| 942 ## - ADDED ENTRY ELEMENTS (KOHA) | |
| Koha item type | OS Book |
| Item part | 1180.A4ALB |
| Call number prefix | BS |
| 336 ## - CONTENT TYPE | |
| Content type term | text |
| Content type code | txt |
| 337 ## - MEDIA TYPE | |
| Media type term | unmediated |
| Media type code | n |
| 338 ## - CARRIER TYPE | |
| Source | rdacarrier |
| Withdrawn status | Lost status | Source of classification or shelving scheme | Damaged status | Not for loan | Home library | Current library | Shelving location | Date acquired | Source of acquisition | Cost, normal purchase price | Inventory number | Total Checkouts | Full call number | Barcode | Date last seen | Cost, replacement price | Price effective from | Koha item type |
|---|---|---|---|---|---|---|---|---|---|---|---|---|---|---|---|---|---|---|
| CUZ Harare Campus | CUZ Harare Campus | Open Shelf | 08.04.2026 | Donation | 55.00 | CUZ16984 | BVS1180.A4ALB | BK011056 | 20.04.2026 | 55.00 | 20.04.2026 | OS Book |